Normal view
MARC view
Entry Personal Name
001 - CONTROL NUMBER
- control field: 59017
003 - CONTROL NUMBER IDENTIFIER
- control field: dpl
005 - DATE AND TIME OF LATEST TRANSACTION
- control field: 20231123113325.0
008 - FIXED-LENGTH DATA ELEMENTS
- fixed length control field: 231123|| aca||aabn | a|a d
040 ## - CATALOGING SOURCE
- Original cataloging agency: dpl
- Transcribing agency: dpl
100 ## - HEADING--PERSONAL NAME
- Personal name: Lakshmi, S. Bhagya
670 ## - SOURCE DATA FOUND
- Source citation: Work cat.: (dpl)198155: Lakshmi, S. Bhagya, Community Health Nursing-I/, 2023
